Guess the singer based on the album - Statistiques

Statistiques générales
  • Ce quiz a été pris 94 fois
  • Le résultat moyen est 13 sur 16
Statistiques - réponses
Par images Réponse % Correct
Ariana Grande
100%
Michael Jackson
95%
Daft Punk
91%
Lana Del Rey
90%
Billie Eilish
89%
The Weeknd
88%
Tyler, The Creator
84%
Eminem
80%
Frank Ocean
80%
TAME IMPALA
74%
Kanye West
69%
ASAP Rocky
68%
Lauryn Hill
68%
Rihanna
68%
Queen
66%
Childish Gambino
51%
Aucun quiz correspondant
Distribution des résultats
% des personnes avec chaque résultat
Percentile par nombre de réponses
Votre historique - résultats
Vous n’avez pas pris ce quiz